Biggest Cities of Europe in 1150 AD with a Map - Statistics

General Stats
  • This quiz has been taken 1,212 times
  • The average score is 54 of 111
Answers on the Map
Answers color-coded by a green-red scale on the quiz's map according to % correct below.
 
Answer Stats
Population Cities Country % Correct
24k Lunden (London) England
96%
33k Paris France (Royal Domain)
94%
30k Rome Rome (Holy Roman Empire)
94%
175k Constantinople (Istanbul) Byzantine Empire
93%
19k Athens Byzantine Empire
91%
16k Barcelona Barcelona (Kingdom of France)
90%
36k Milan Milan (Holy Roman Empire)
90%
28k Naples Sicily
90%
37k Venice Venice
90%
15k Lisbon Portugal
89%
23k Genoa Genoa (Holy Roman Empire)
85%
78k Isbiliyyah (Seville) Almohad Caliphate
84%
35k Palermo Sicily
84%
32k Thessaloniki Byzantine Empire
84%
10k Prague Bohemia (Holy Roman Empire)
83%
10k Marseille Provence (County - H.R.E.)
82%
14k Vienna Austria (Holy Roman Empire)
82%
15k Balansiyyah (Valencia) Balansiyyah
81%
13k Bordeaux Aquitaine (Kingdom of France)
81%
12k Florence Florence (Holy Roman Empire)
80%
20k Kiev (Kyiv) Kiev (Kievan Rus')
80%
10k Lyon Dauphine (Holy Roman Empire)
78%
70k Qurtubah (Córdoba) Gayyan
78%
28k Cologne Cologne (Holy Roman Empire)
77%
17k Toulouse Toulouse (Kingdom of France)
77%
21k Garnatah (Granada) Garnatah
75%
11k Velegradhon (Belgrade) Byzantine Empire
75%
9k Everwic (York) England
74%
27k Bologna Bologna (Holy Roman Empire)
72%
35k Toledo León
69%
10k Medina Mayurqah (Palma de Mallorca) Mayurqah
68%
21k Verona Verona (Holy Roman Empire)
68%
9k Zaragoza Aragon (Kingdom of France)
67%
12k Pisa Pisa (Holy Roman Empire)
66%
9k Malaqah (Málaga) Malaqah
65%
27k Novgorod (Veliky Novgorod) Novgorod (Kievan Rus')
65%
14k Ghent Flanders (France / H.R.E.)
63%
15k Messina Sicily
63%
8k Bruges Flanders (France / H.R.E.)
61%
11k Mursiyyah (Murcia) Mursiyyah
60%
8k Norwich England
60%
14k Rouen Normandy (Kingdom of France)
59%
31k León León
57%
9k Parma Lombardy (Holy Roman Empire)
57%
9k Órleans France (Royal Domain)
56%
11k Aachen Limburg (Holy Roman Empire)
55%
16k Padua Verona (Holy Roman Empire)
55%
8k Modena Modena (Holy Roman Empire)
53%
10k Philippopolis (Plovdiv) Byzantine Empire
50%
12k Ravenna Ravenna (Holy Roman Empire)
50%
10k Siena Siena (Holy Roman Empire)
49%
8k Strasbourg Strasbourg (Holy Roman Empire)
49%
11k Tours Touraine (Kingdom of France)
49%
10k Reims Reims (Kingdom of France)
48%
11k Augsburg Augsburg (Holy Roman Empire)
47%
8k Lucca Lucca (Holy Roman Empire)
46%
9k Metz Metz (Holy Roman Empire)
46%
8k Mainz Mainz (Holy Roman Empire)
44%
13k Valladolid León
44%
8k Bergamo Bergamo (Holy Roman Empire)
41%
16k Brescia Brescia (Holy Roman Empire)
41%
20k Burgos León
40%
11k Magdeburg Saxony (Holy Roman Empire)
40%
15k Smolensk Smolensk (Kievan Rus')
40%
12k Trier Trier (Holy Roman Empire)
40%
16k Mantua Mantua (Holy Roman Empire)
39%
18k Al-Mariyyah (Alméria) Al-Mariyyah
38%
8k Ferrara Ferrara (Holy Roman Empire)
37%
8k Lincoln England
37%
13k Regensburg Bavaria (Holy Roman Empire)
37%
12k Batalyaws (Badajoz) Almohad Caliphate
35%
9k Salamanca León
35%
24k Pavia Lombardy (Holy Roman Empire)
34%
17k Qartagannah al-Halfa (Cartagena) Mursiyyah
34%
8k Münster Saxony (Holy Roman Empire)
33%
8k Tarragona Barcelona (Kingdom of France)
32%
9k Poitiers Aquitaine (Kingdom of France)
31%
8k Reggio Emilia Reggio (Holy Roman Empire)
31%
11k Erfurt Thuringia (Holy Roman Empire)
29%
19k Maridah (Mérida) Almohad Caliphate
29%
8k Perugia Perugia (Holy Roman Empire)
29%
16k Sherish (Jerez de la Frontera) Almohad Caliphate
29%
18k Gayyan (Jaén) Gayyan
28%
10k Theodosia (Feodosia) Cumania
28%
9k Cremona Cremona (Holy Roman Empire)
27%
11k Piacenza Lombardy (Holy Roman Empire)
25%
10k Worms Worms (Holy Roman Empire)
25%
10k Bourges Bourges (Kingdom of France)
22%
23k Chernigov (Chernihiv) Chernigov (Kievan Rus')
19%
8k Forlì Forlì (Holy Roman Empire)
19%
8k Osnabrück Saxony (Holy Roman Empire)
19%
16k Arras Flanders (France / H.R.E.)
18%
11k Tournai Flanders (France / H.R.E.)
18%
8k Trapani Sicily
18%
9k Derbent Derbent
17%
8k Viterbo Viterbo (Holy Roman Empire)
15%
9k Pistoia Pistoia (Holy Roman Empire)
14%
8k Auxerre Nevers (Kingdom of France)
13%
11k Rostov Rostov (Kievan Rus')
12%
8k Barletta Sicily
11%
19k Bolgar Volga Bulgaria
11%
10k Châlons-sur-Marne (Châlons-en-Champagne) Châlons (Kingdom of France)
10%
10k Tortosa Barcelona (Kingdom of France)
10%
12k Istiggah (Ecija) Almohad Caliphate
9%
9k Sliven Byzantine Empire
7%
10k Balish (Vélez-Málaga) Malaqah
6%
8k Corleone Sicily
6%
8k Bayyasah (Baeza) Wadi Ash and Bastah
5%
12k Soldaia (Sudak) Cumania
5%
10k Belgorod Kievsky (Bilohorodska) Belgorod
4%
8k Soest Saxony (Holy Roman Empire)
3%
No matching quizzes found
Score Distribution
Percent of People with Each Score
Percentile by Number Answered
Your Score History
You have not taken this quiz